000 00511cam a22002051 4500
001 he 68000747
003 DLC
005 20260227111455.0
008 840307s1967 is 000 0 heb
010 _ahe 68000747
035 _a(OCoLC)19162937
040 _aDLC
_cMH
_dCU
_dDLC
042 _apremarc
050 0 0 _aPJ5054.H2987
_bO5
100 1 _aHazan, Moshe,
_d1933-
245 1 0 _aOniyat ha-ḥeṭ.
260 _a[Tel Aviv] :
_bAlef,
_c[1967]
300 _a144 p. ;
_c22 cm.
752 _aIsrael
_dTel Aviv
999 _c33065
_d33065